000
00291nam a22001097a 4500
082
_a
320 / MIS
100
_a
Mishra, Mahesh Chandra
_9
81450
245
_a
Ambedkae ,Gandhi and Patel
_b
Great Leaders of India
260
_a
New Delhi
_b
World Heritage Inc
_c
2019
650
_a
Politics
942
_c
BK
999
_c
65449
_d
65449